Infiernos artificiales: Arte participativo y política de la espectaduría (Record no. 1771)

MARC details
000 -LEADER
campo de control de longitud fija 01024nam a22001577a 4500
008 - DATOS DE LONGITUD FIJA--INFORMACIÓN GENERAL
campo de control de longitud fija 190424b xxu||||| |||| 00| 0 eng d
020 ## - NÚMERO INTERNACIONAL ESTÁNDAR DEL LIBRO
Número Internacional Estándar del Libro 9786079651954
082 ## - NÚMERO DE LA CLASIFICACIÓN DECIMAL DEWEY
Número de clasificación 702.81
Número de ítem B622i
100 ## - ENTRADA PRINCIPAL--NOMBRE DE PERSONA
Nombre de persona Bishop, Claire
9 (RLIN) 3154
245 ## - MENCIÓN DEL TÍTULO
Título Infiernos artificiales: Arte participativo y política de la espectaduría
260 ## - PUBLICACIÓN, DISTRIBUCIÓN, ETC.
Lugar de publicación, distribución, etc. México
Nombre del editor, distribuidor, etc. Taller de Ediciones Económicas
Fecha de publicación, distribución, etc. 2016
300 ## - DESCRIPCIÓN FÍSICA
Extensión 461 p.
Otras características físicas ill.
Dimensiones 21 cm
440 ## - MENCIÓN DE SERIE/PUNTO DE ACCESO ADICIONAL--TÍTULO
Título t-e-e o r í a
9 (RLIN) 7008
505 ## - NOTA DE CONTENIDO CON FORMATO
Título Introducción
-- El giro social: la colaboración y sus insatisfacciones
-- Infiernos artificiales: la vanguardia histórica
-- Je participe, tu participes, il participe...
-- Sadismo social explicitado
-- Lo social bajo el socialismo
-- Personas incidentales: APG y artes comunitarias
-- Former West: El arte como proyecto a inicios de los 90
-- Performance delegada: subcontratar la autenticidad
-- Proyectos pedagógicos: "¿Cómo hacer vivir una clase escolar como una obra de arte?"
-- Conclusión
650 ## - PUNTO DE ACCESO ADICIONAL DE MATERIA--TÉRMINO DE MATERIA
Fuente del encabezamiento o término Arte contemporáneo
Subdivisión de forma Arte participativo
Subdivisión general Arte - prácticas pedagógicas
9 (RLIN) 7009
Holdings
Estatus retirado Estado de pérdida Fuente del sistema de clasificación o colocación Estado de daño No para préstamo Biblioteca de origen Biblioteca actual Ubicación en estantería Fecha de adquisición Total de préstamos Signatura topográfica completa Código de barras Visto por última vez Precio de reemplazo Tipo de ítem Koha
    Clasificación Decimal Dewey     Biblioteca LadoV Biblioteca LadoV   24/04/2019   702.81 B622i 004716 24/04/2019 24/04/2019 Material 01